000 00859nam a2200205Ia 4500
003 Ost
005 20260507074901.0
008 260507s9999||||xx |||||||||||||| ||und||
040 _cfsecg
041 _aara
082 _a301.24
100 _aسعود، الطاهر
_eمؤلف
245 0 _aالتخلف والتنمية في فكر مالك بن نبي /
_c الطاهر سعود
260 _aبيروت:
_bدار الهادي للنشر والتوزيع,
_c2006
300 _a288 صفحة؛
_bإيضاحات ؛
_c25 سم
490 _aسلسلة دراسات فلسفة الدين
520 _a التنظير السوسيولوجي ومشكلة التخلف والتنمية، التخلف من منظور مالك بن نبي، التنمية من منظور مالك بن نبي
653 _aالتخلف الاجتماعي
942 _cكتاب
999 _c41656
_d41656